[Event "CEDIS Festival saha 2026 - 3. turnir"]
[Site "Podgorica"]
[Date "2026.05.15"]
[Round "1.1"]
[White "Peric, Toman"]
[Black "Lauda, Alexandr"]
[Result "1/2-1/2"]
[WhiteElo "1762"]
[BlackElo "2230"]
[WhiteFideId "-1"]
[BlackFideId "-1"]
[PlyCount "162"]
[GameId "2310333097549881"]
[EventDate "2026.05.15"]
[EventType "swiss"]
[EventRounds "5"]
[EventCountry "MNE"]
[SourceVersionDate "2026.05.16"]

1. e4 c5 2. Nf3 Nc6 3. c3 Nf6 4. Bd3 d5 5. exd5 Qxd5 6. Be2 Bg4 7. Qb3 Qxb3 8. axb3 h6 9. d3 O-O-O 10. O-O e5 11. Be3 Kb8 12. Nbd2 Nd5 13. h3 Bh5 14. Rfe1 Bg6 15. Ne4 b6 16. g4 Be7 17. Kg2 f5 18. gxf5 Bxf5 19. Ng3 Nxe3+ 20. fxe3 Bxd3 21. Bxd3 Rxd3 22. Nf5 e4 23. Ng1 g6 24. Nxe7 Nxe7 25. Ra4 Nf5 26. Rxe4 Rd2+ 27. Re2 Rhd8 28. b4 cxb4 29. cxb4 R8d3 30. Rxd2 Rxd2+ 31. Kf3 Rxb2 32. Ne2 Kb7 33. Nf4 g5 34. Nd3 Rb3 35. Nc1 Rb1 36. Nd3 Rd1 37. Nf2 Re1 38. Kg4 Nxe3+ 39. Kh5 Ng2 40. Rxe1 Nxe1 41. Kxh6 Nf3 42. Kh5 a5 43. bxa5 bxa5 44. Nd3 Kc6 45. Kg4 Ng1 46. Kxg5 Nxh3+ 47. Kg4 Ng1 48. Kf4 Kd5 49. Ke3 Kc4 50. Kd2 Nf3+ 51. Kc2 Nd4+ 52. Kd2 Kb3 53. Nc5+ Kb4 54. Nd3+ Kc4 55. Ne5+ Kb3 56. Nd3 Nb5 57. Nc1+ Kb2 58. Nd3+ Ka3 59. Nc5 Kb4 60. Nd3+ Kc4 61. Nb2+ Kb3 62. Nd3 Na3 63. Nc5+ Kb4 64. Nd3+ Kc4 65. Nb2+ Kb3 66. Nd3 Nc4+ 67. Kc1 Kc3 68. Nc5 Nb6 69. Kb1 Kc4 70. Ne4 a4 71. Nd2+ Kc3 72. Ne4+ Kb4 73. Ka2 Nd5 74. Ka1 Ne3 75. Nf2 Kb3 76. Ne4 Nc2+ 77. Kb1 a3 78. Nc5+ Kc3 79. Na4+ Kb3 80. Nc5+ Kc3 81. Na4+ Kb3 1/2-1/2

[Event "CEDIS Festival saha 2026 - 3. turnir"]
[Site "Podgorica"]
[Date "2026.05.15"]
[Round "1.2"]
[White "Rasovic, Uros"]
[Black "Popovic, Nikola"]
[Result "1-0"]
[WhiteElo "2171"]
[BlackElo "1744"]
[WhiteFideId "-1"]
[BlackFideId "-1"]
[PlyCount "79"]
[GameId "2310337379861259"]
[EventDate "2026.05.15"]
[EventType "swiss"]
[EventRounds "5"]
[EventCountry "MNE"]
[SourceVersionDate "2026.05.16"]

1. e4 c5 2. Nf3 Nc6 3. Bb5 Nf6 4. Bxc6 dxc6 5. d3 Bg4 6. h3 Bh5 7. Be3 b6 8. g4 Bg6 9. Ne5 Nd7 10. Nc4 e5 11. O-O Qh4 12. Kh2 Be7 13. Nbd2 h5 14. g5 Bxg5 15. f4 Bxf4+ 16. Bxf4 exf4 17. Qf3 Nf8 18. e5 Qg3+ 19. Qxg3 fxg3+ 20. Kxg3 O-O-O 21. Nd6+ Rxd6 22. exd6 Kd7 23. Rae1 Ne6 24. Nc4 Re8 25. Ne5+ Kxd6 26. Nxf7+ Bxf7 27. Rxf7 a5 28. a4 Re7 29. Rxe7 Kxe7 30. Kh4 g6 31. Rf1 b5 32. c3 b4 33. Rf3 Ng7 34. Kg5 Nf5 35. Rxf5 gxf5 36. Kxf5 h4 37. Kg5 Ke6 38. Kxh4 Kf5 39. Kg3 Kg5 40. Kf3 1-0

[Event "CEDIS Festival saha 2026 - 3. turnir"]
[Site "Podgorica"]
[Date "2026.05.15"]
[Round "1.3"]
[White "Lakusic, Zoran"]
[Black "Djukanovic, Sreten"]
[Result "0-1"]
[WhiteElo "1735"]
[BlackElo "2150"]
[WhiteFideId "-1"]
[BlackFideId "-1"]
[PlyCount "50"]
[GameId "2310339070133109"]
[EventDate "2026.05.15"]
[EventType "swiss"]
[EventRounds "5"]
[EventCountry "MNE"]
[SourceVersionDate "2026.05.16"]

1. Nf3 c5 2. c4 Nc6 3. Nc3 g6 4. g3 Bg7 5. Bg2 e6 6. O-O Nge7 7. a3 d5 8. cxd5 exd5 9. d3 O-O 10. Re1 h6 11. Qc2 Bg4 12. h3 Be6 13. e4 Rc8 14. exd5 Nxd5 15. Be3 Nd4 16. Qd1 Nxe3 17. fxe3 Bb3 18. Qd2 Nc2 19. Nh2 Nxa1 20. Rxa1 Qc7 21. Ne4 f5 22. Nc3 Qxg3 23. Ne2 Qd6 24. Bxb7 Rcd8 25. Ba6 Qxa6 0-1

[Event "CEDIS Festival saha 2026 - 3. turnir"]
[Site "Podgorica"]
[Date "2026.05.15"]
[Round "1.4"]
[White "Abramovic, Dragoljub"]
[Black "Palkhouski, Hleb"]
[Result "1-0"]
[WhiteElo "2056"]
[BlackElo "1680"]
[WhiteFideId "-1"]
[BlackFideId "-1"]
[PlyCount "103"]
[GameId "2310339675898791"]
[EventDate "2026.05.15"]
[EventType "swiss"]
[EventRounds "5"]
[EventCountry "MNE"]
[SourceVersionDate "2026.05.16"]

1. d4 Nf6 2. Bg5 d5 3. Bxf6 exf6 4. e3 Be7 5. Nd2 O-O 6. Bd3 Be6 7. Ne2 Nd7 8. Nf4 f5 9. O-O Nf6 10. b3 Qd7 11. c4 c6 12. a4 Bd6 13. g3 Bxf4 14. gxf4 g6 15. a5 a6 16. Qf3 Ne4 17. Bxe4 fxe4 18. Qg3 Bh3 19. Rfc1 Kg7 20. cxd5 cxd5 21. Rc5 Rac8 22. b4 h5 23. Rac1 Rc6 24. Nb3 Rh8 25. Rxc6 bxc6 26. Nc5 Qc8 27. Qh4 Bg4 28. h3 Bxh3 29. Kh2 Bg4 30. Na4 Qb7 31. Nb6 Re8 32. Kg3 Re6 33. Qd8 Bf3 34. Nxd5 cxd5 35. Rc8 Qxc8 36. Qxc8 Be2 37. f5 gxf5 38. Kf4 Rg6 39. Ke5 Bc4 40. b5 Bxb5 41. Kxd5 Rf6 42. Qc7 h4 43. Qh2 Rh6 44. Ke5 Bd7 45. d5 h3 46. Kf4 Rh4+ 47. Ke5 Rh6 48. f3 exf3 49. Qg3+ Kf8 50. Qf4 Rg6 51. Qxf3 h2 52. Qh5 1-0

[Event "CEDIS Festival saha 2026 - 3. turnir"]
[Site "Podgorica"]
[Date "2026.05.15"]
[Round "1.5"]
[White "Markovic, Matija D"]
[Black "Mitrovic, Miroslav"]
[Result "0-1"]
[WhiteElo "1633"]
[BlackElo "1997"]
[WhiteFideId "-1"]
[BlackFideId "-1"]
[PlyCount "66"]
[GameId "2310341401809996"]
[EventDate "2026.05.15"]
[EventType "swiss"]
[EventRounds "5"]
[EventCountry "MNE"]
[SourceVersionDate "2026.05.16"]

1. e4 e6 2. d4 d5 3. exd5 exd5 4. Nf3 Nf6 5. c4 c6 6. Nc3 Be7 7. cxd5 Nxd5 8. Bc4 Nxc3 9. bxc3 O-O 10. O-O Nd7 11. Bf4 Nb6 12. Bd3 Bg4 13. Be4 Nd5 14. Qd2 Nf6 15. Qd3 Nxe4 16. Qxe4 Bxf3 17. Qxf3 Bd6 18. Rab1 Bxf4 19. Qxf4 Qd7 20. a4 Rfe8 21. Rb2 Re7 22. Rfb1 Rae8 23. h3 b6 24. Qf3 Qd6 25. g3 g6 26. Ra1 Re4 27. a5 b5 28. Qd3 Qd5 29. Rc1 Re1+ 30. Qf1 Rxf1+ 31. Rxf1 a6 32. Rbb1 f5 33. Rfe1 Re4 0-1

[Event "CEDIS Festival saha 2026 - 3. turnir"]
[Site "Podgorica"]
[Date "2026.05.15"]
[Round "1.6"]
[White "Sijaric, Alvir"]
[Black "Markovic, Janko"]
[Result "1-0"]
[WhiteElo "1964"]
[BlackElo "1601"]
[WhiteFideId "-1"]
[BlackFideId "-1"]
[PlyCount "119"]
[GameId "2310343030035606"]
[EventDate "2026.05.15"]
[EventType "swiss"]
[EventRounds "5"]
[EventCountry "MNE"]
[SourceVersionDate "2026.05.16"]

1. d4 d5 2. c4 e6 3. cxd5 exd5 4. Nc3 Nf6 5. Bg5 c6 6. Qc2 Bb4 7. e3 O-O 8. Bd3 h6 9. Bh4 Re8 10. Nf3 Be6 11. O-O Nbd7 12. Ne5 Bd6 13. f4 Qc7 14. f5 Nxe5 15. dxe5 Bxe5 16. fxe6 Bxh2+ 17. Kh1 Rxe6 18. Bxf6 Rxf6 19. Rxf6 gxf6 20. Qf2 Qg3 21. Rf1 Qxf2 22. Rxf2 Be5 23. g4 Re8 24. Kg2 Bxc3 25. bxc3 Rxe3 26. Rf3 Re6 27. Bf5 Rd6 28. Kg3 c5 29. Kf4 d4 30. Rd3 Kf8 31. cxd4 cxd4 32. Ke4 Ra6 33. a3 Ra4 34. Bd7 Ra5 35. Bc8 Rb5 36. Bf5 Re5+ 37. Kf4 Rd5 38. Rh3 Kg7 39. Ke4 Rd6 40. Kd3 Rc6 41. Kxd4 Rd6+ 42. Kc5 Rc6+ 43. Kd5 Rb6 44. Rc3 Kg8 45. Rc8+ Kg7 46. a4 Ra6 47. Bd7 Rb6 48. Rc7 Rb4 49. Kc5 a5 50. Be8 Kf8 51. Bb5 Rxg4 52. Kb6 h5 53. Kxa5 h4 54. Kb6 h3 55. Rc1 f5 56. Rh1 Rh4 57. Rh2 f4 58. Kxb7 f3 59. a5 f2 60. Kb6 1-0

[Event "CEDIS Festival saha 2026 - 3. turnir"]
[Site "Podgorica"]
[Date "2026.05.15"]
[Round "1.7"]
[White "Mihajlovic, Stefan"]
[Black "Jeknic, Velimir"]
[Result "0-1"]
[WhiteElo "1575"]
[BlackElo "1864"]
[WhiteFideId "-1"]
[BlackFideId "-1"]
[PlyCount "62"]
[GameId "2310344611050866"]
[EventDate "2026.05.15"]
[EventType "swiss"]
[EventRounds "5"]
[EventCountry "MNE"]
[SourceVersionDate "2026.05.16"]

1. e4 e6 2. d4 d5 3. e5 c5 4. c3 Nc6 5. Nf3 a6 6. Be3 Qc7 7. Nbd2 c4 8. b3 b5 9. a4 b4 10. Rc1 bxc3 11. Rxc3 Bb4 12. Rc1 c3 13. Qc2 cxd2+ 14. Bxd2 Bxd2+ 15. Nxd2 Nge7 16. b4 Qb6 17. b5 Nxd4 18. Qb2 O-O 19. a5 Qxa5 20. Qxd4 axb5 21. Bd3 Nf5 22. Bxf5 exf5 23. O-O Be6 24. Rc3 Rfc8 25. Rg3 Qa4 26. Qd3 Qc2 27. Qe3 g6 28. Nf3 Qc3 29. Qh6 Ra1 30. Qh4 Rxf1+ 31. Kxf1 Qd3+ 0-1

[Event "CEDIS Festival saha 2026 - 3. turnir"]
[Site "Podgorica"]
[Date "2026.05.15"]
[Round "1.8"]
[White "Mitric, Nebojsa"]
[Black "Altinok, Mehmet Akif"]
[Result "1-0"]
[WhiteElo "1857"]
[BlackElo "1550"]
[WhiteFideId "-1"]
[BlackFideId "-1"]
[PlyCount "49"]
[GameId "2310346865128948"]
[EventDate "2026.05.15"]
[EventType "swiss"]
[EventRounds "5"]
[EventCountry "MNE"]
[SourceVersionDate "2026.05.16"]

1. c4 e6 2. Nc3 Nf6 3. d4 Bb4 4. a3 Bxc3+ 5. bxc3 b6 6. Nf3 Bb7 7. Bg5 d6 8. e3 h6 9. Bh4 O-O 10. Bd3 Nc6 11. e4 e5 12. O-O Re8 13. d5 Na5 14. Nd2 g5 15. Bg3 Qd7 16. h4 Kg7 17. hxg5 hxg5 18. Nf3 Rh8 19. Nxg5 Rh5 20. f4 Ng4 21. Ne6+ fxe6 22. Qxg4+ Kh6 23. fxe5 Qe8 24. Rf6+ Kh7 25. Raf1 1-0

[Event "CEDIS Festival saha 2026 - 3. turnir"]
[Site "Podgorica"]
[Date "2026.05.15"]
[Round "1.9"]
[White "Cabarkapa, Jakov"]
[Black "Jankovic, Jovan"]
[Result "0-1"]
[WhiteElo "1537"]
[BlackElo "1848"]
[WhiteFideId "-1"]
[BlackFideId "-1"]
[PlyCount "38"]
[GameId "2310347573523992"]
[EventDate "2026.05.15"]
[EventType "swiss"]
[EventRounds "5"]
[EventCountry "MNE"]
[SourceVersionDate "2026.05.16"]

1. Nf3 d5 2. c4 c6 3. Nc3 e6 4. d4 Nf6 5. e3 Be7 6. Be2 b6 7. Qb3 O-O 8. O-O Nbd7 9. Rd1 Bd6 10. h3 Ne4 11. Bd3 f5 12. Nd2 Qh4 13. Nf3 Qxf2+ 14. Kh1 Ng3+ 15. Kh2 Rf6 16. Ne5 Nxe5 17. dxe5 Bxe5 18. cxd5 Ne2+ 19. Kh1 Qg3 0-1

[Event "CEDIS Festival saha 2026 - 3. turnir"]
[Site "Podgorica"]
[Date "2026.05.15"]
[Round "1.10"]
[White "Vujadinovic, Zeljko"]
[Black "Radonjic, Zoran"]
[Result "1-0"]
[WhiteElo "1807"]
[BlackElo "1492"]
[WhiteFideId "-1"]
[BlackFideId "-1"]
[PlyCount "61"]
[GameId "2310348125574722"]
[EventDate "2026.05.15"]
[EventType "swiss"]
[EventRounds "5"]
[EventCountry "MNE"]
[SourceVersionDate "2026.05.16"]

1. d4 Nf6 2. Nf3 d6 3. c3 g6 4. Bg5 Bg7 5. e3 Ne4 6. Bh4 b6 7. Nbd2 Bb7 8. Bb5+ Nd7 9. Qa4 Nxd2 10. Kxd2 Bxf3 11. gxf3 a6 12. Bc6 Ra7 13. e4 f6 14. Rhe1 e5 15. dxe5 dxe5 16. Kc2 Ke7 17. Red1 Nc5 18. Rxd8 Nxa4 19. Rxh8 Bxh8 20. Bxa4 b5 21. Bb3 c5 22. Bd5 g5 23. Bg3 f5 24. exf5 Kf6 25. Be6 Bg7 26. h4 h6 27. Re1 Ke7 28. hxg5 hxg5 29. Bxe5 Bxe5 30. Rxe5 Kf6 31. Rxc5 1-0

[Event "CEDIS Festival saha 2026 - 3. turnir"]
[Site "Podgorica"]
[Date "2026.05.15"]
[Round "1.11"]
[White "Vukovic, Stefan"]
[Black "Pavlovic, David"]
[Result "0-1"]
[WhiteElo "1488"]
[BlackElo "1806"]
[WhiteFideId "-1"]
[BlackFideId "-1"]
[PlyCount "29"]
[GameId "2310349183272672"]
[EventDate "2026.05.15"]
[EventType "swiss"]
[EventRounds "5"]
[EventCountry "MNE"]
[SourceVersionDate "2026.05.16"]

1. e4 c6 2. d4 d5 3. Nc3 dxe4 4. Nxe4 Nf6 5. Nxf6+ exf6 6. Nf3 Bg4 7. Be2 Bd6 8. h3 Bh5 9. g4 Bg6 10. h4 h5 11. g5 Nd7 12. Be3 Qa5+ 13. Qd2 Qxd2+ 14. Bxd2 Bxc2 15. Bd3 0-1

[Event "CEDIS Festival saha 2026 - 3. turnir"]
[Site "Podgorica"]
[Date "2026.05.16"]
[Round "2.1"]
[White "Jankovic, Jovan"]
[Black "Rasovic, Uros"]
[Result "0-1"]
[WhiteElo "1848"]
[BlackElo "2171"]
[WhiteFideId "-1"]
[BlackFideId "-1"]
[PlyCount "54"]
[GameId "2310525211734276"]
[EventDate "2026.05.15"]
[EventType "swiss"]
[EventRounds "5"]
[EventCountry "MNE"]
[SourceVersionDate "2026.05.16"]

1. e4 c5 2. Nf3 d6 3. d4 cxd4 4. Nxd4 Nf6 5. Nc3 a6 6. Be3 e5 7. Nb3 Be6 8. Qd2 Nbd7 9. f3 Be7 10. O-O-O b5 11. g4 h6 12. Rg1 Nb6 13. g5 hxg5 14. Bxg5 Nc4 15. Bxc4 bxc4 16. Bxf6 gxf6 17. Na1 Qa5 18. f4 exf4 19. Qxf4 Rb8 20. Nd5 Qxa2 21. Nxe7 Qxb2+ 22. Kd2 Kxe7 23. Ke2 Qe5 24. Qxe5 fxe5 25. Rg2 Rh4 26. Kf3 Rbh8 27. Rh1 d5 0-1

[Event "CEDIS Festival saha 2026 - 3. turnir"]
[Site "Podgorica"]
[Date "2026.05.16"]
[Round "2.2"]
[White "Djukanovic, Sreten"]
[Black "Mitric, Nebojsa"]
[Result "1-0"]
[WhiteElo "2150"]
[BlackElo "1857"]
[WhiteFideId "-1"]
[BlackFideId "-1"]
[PlyCount "107"]
[GameId "2310481879875641"]
[EventDate "2026.05.15"]
[EventType "swiss"]
[EventRounds "5"]
[EventCountry "MNE"]
[SourceVersionDate "2026.05.16"]

1. d4 f5 2. e4 d6 3. exf5 Bxf5 4. Bd3 Bxd3 5. Qxd3 Nc6 6. Nf3 e5 7. d5 e4 8. Qxe4+ Qe7 9. Qxe7+ Ncxe7 10. c4 c6 11. dxc6 bxc6 12. O-O h6 13. Bf4 O-O-O 14. Rd1 Ng6 15. Be3 Kb7 16. Nc3 Nf6 17. b4 Be7 18. b5 c5 19. Nd5 Nxd5 20. Rxd5 Bf6 21. Rad1 Kc7 22. R5d3 Ne7 23. Bf4 Nc8 24. Rd5 g5 25. Rxc5+ Kb8 26. Rf5 Rhf8 27. Bg3 Ne7 28. Nd4 Nxf5 29. Nxf5 Be5 30. Nd4 Rde8 31. f3 Bxg3 32. hxg3 Re3 33. g4 Rc3 34. Nf5 Kc7 35. Rxd6 Rxc4 36. Ra6 Rc1+ 37. Kh2 Kb7 38. Rxh6 Rc2 39. a4 Ra2 40. Ra6 Rd8 41. Nd6+ Kb8 42. Ne4 Rd4 43. b6 axb6 44. Rxb6+ Kc7 45. Rb5 Raxa4 46. Nxg5 Rd2 47. Nh3 Raa2 48. Nf4 Kd6 49. g5 Ra4 50. Rf5 Rdd4 51. Kg3 Ke7 52. g6 Ra8 53. Rf7+ Ke8 54. Ne6 1-0

[Event "CEDIS Festival saha 2026 - 3. turnir"]
[Site "Podgorica"]
[Date "2026.05.16"]
[Round "2.3"]
[White "Vesovic, Nebojsa"]
[Black "Abramovic, Dragoljub"]
[Result "1-0"]
[WhiteElo "1789"]
[BlackElo "2056"]
[WhiteFideId "-1"]
[BlackFideId "-1"]
[PlyCount "117"]
[GameId "2310484116709938"]
[EventDate "2026.05.15"]
[EventType "swiss"]
[EventRounds "5"]
[EventCountry "MNE"]
[SourceVersionDate "2026.05.16"]

1. Nf3 d5 2. d4 c6 3. g3 h6 4. Bg2 Bf5 5. O-O e6 6. Nbd2 Nf6 7. Ne5 Nbd7 8. Nxd7 Qxd7 9. c3 Bd6 10. Re1 O-O 11. e4 dxe4 12. Nxe4 Nxe4 13. Bxe4 Bxe4 14. Rxe4 Rad8 15. Qh5 f5 16. Re1 Qf7 17. Qxf7+ Kxf7 18. f4 Kf6 19. Bd2 g5 20. Kf2 gxf4 21. Bxf4 Bxf4 22. gxf4 Rg8 23. Rg1 Rg4 24. Rxg4 fxg4 25. Kg3 c5 26. Rd1 Kf5 27. Re1 cxd4 28. cxd4 Rxd4 29. Re5+ Kf6 30. Kxg4 Rd2 31. Rb5 b6 32. h4 Kg6 33. h5+ Kf6 34. a4 Rd6 35. a5 Rd5 36. Rxd5 exd5 37. a6 d4 38. Kf3 Kf5 39. b3 b5 40. b4 d3 41. Ke3 Kg4 42. Kxd3 Kxh5 43. Ke4 Kg6 44. Ke5 h5 45. Ke6 h4 46. f5+ Kh7 47. f6 h3 48. f7 h2 49. f8=Q h1=Q 50. Qf7+ Kh6 51. Qxa7 Qe4+ 52. Kd6 Qxb4+ 53. Qc5 Qf4+ 54. Kc6 b4 55. a7 Qe4+ 56. Kb5 b3 57. Qf8+ Kg5 58. a8=Q Qe5+ 59. Qc5 1-0

[Event "CEDIS Festival saha 2026 - 3. turnir"]
[Site "Podgorica"]
[Date "2026.05.16"]
[Round "2.4"]
[White "Mitrovic, Miroslav"]
[Black "Vujadinovic, Zeljko"]
[Result "1-0"]
[WhiteElo "1997"]
[BlackElo "1807"]
[WhiteFideId "-1"]
[BlackFideId "-1"]
[PlyCount "97"]
[GameId "2310527067599114"]
[EventDate "2026.05.15"]
[EventType "swiss"]
[EventRounds "5"]
[EventCountry "MNE"]
[SourceVersionDate "2026.05.16"]

1. e4 c6 2. d4 d5 3. exd5 cxd5 4. Nf3 Nf6 5. c3 Bg4 6. h3 Bxf3 7. Qxf3 a6 8. Bd3 e6 9. O-O Be7 10. Re1 Nbd7 11. Nd2 O-O 12. Nf1 Re8 13. Ng3 Bd6 14. Nh5 e5 15. Nxf6+ Qxf6 16. Qxf6 gxf6 17. dxe5 fxe5 18. Bf5 Nb6 19. b3 Rad8 20. Be3 d4 21. cxd4 Bb4 22. Red1 Bc3 23. Rac1 exd4 24. Bg5 Rd5 25. g4 Rde5 26. Bf6 Rd5 27. Bd3 Re6 28. Bh4 Rh6 29. Bg3 Rxh3 30. Kg2 Rh6 31. Rh1 Rxh1 32. Rxh1 Ra5 33. Bc7 Nd5 34. Bxh7+ Kg7 35. Bxa5 Bxa5 36. Be4 Nc3 37. Bb1 Nxb1 38. Rxb1 Bc3 39. Rd1 Kf6 40. f4 Ke6 41. Kf3 Kd5 42. g5 b5 43. f5 Ke5 44. f6 Kf5 45. Rg1 Bd2 46. Rg4 Be3 47. g6 fxg6 48. f7 Bh6 49. Rf4+ 1-0

[Event "CEDIS Festival saha 2026 - 3. turnir"]
[Site "Podgorica"]
[Date "2026.05.16"]
[Round "2.5"]
[White "Jeknic, Velimir"]
[Black "Rabrenovic, Matija"]
[Result "1-0"]
[WhiteElo "1864"]
[BlackElo "1801"]
[WhiteFideId "-1"]
[BlackFideId "-1"]
[PlyCount "61"]
[GameId "2310533324603449"]
[EventDate "2026.05.15"]
[EventType "swiss"]
[EventRounds "5"]
[EventCountry "MNE"]
[SourceVersionDate "2026.05.16"]

1. e4 e5 2. d4 exd4 3. c3 Qe7 4. Bd3 d5 5. Nf3 dxe4 6. O-O exf3 7. Re1 Be6 8. Qxf3 c6 9. cxd4 Nf6 10. Bg5 Nbd7 11. Nc3 Nb6 12. Ne4 Nbd5 13. Nc5 g6 14. Bc4 Bg7 15. Bxd5 cxd5 16. Re5 O-O 17. Rae1 h6 18. Nxe6 fxe6 19. Rxe6 Qd8 20. Bh4 g5 21. Bg3 Ne4 22. Qb3 Kf7 23. R6xe4 Kg6 24. Re6+ Kh7 25. Re7 Kg8 26. Bc7 Qc8 27. Qxd5+ Kh8 28. Be5 Rg8 29. Qf7 Qf8 30. Qe6 Rc8 31. Qxh6# 1-0

[Event "CEDIS Festival saha 2026 - 3. turnir"]
[Site "Podgorica"]
[Date "2026.05.16"]
[Round "2.6"]
[White "Lauda, Alexandr"]
[Black "Baranin, Gojko"]
[Result "1-0"]
[WhiteElo "2230"]
[BlackElo "1781"]
[WhiteFideId "-1"]
[BlackFideId "-1"]
[PlyCount "69"]
[GameId "2310536872956446"]
[EventDate "2026.05.15"]
[EventType "swiss"]
[EventRounds "5"]
[EventCountry "MNE"]
[SourceVersionDate "2026.05.16"]

1. e4 e6 2. d4 d5 3. Nd2 Nf6 4. e5 Nfd7 5. f4 c5 6. c3 Nc6 7. Ndf3 Be7 8. Bd3 cxd4 9. cxd4 Qb6 10. Ne2 f5 11. O-O Nf8 12. a3 Bd7 13. b4 a6 14. Be3 Ng6 15. Bf2 O-O 16. h4 h6 17. Kh1 Qd8 18. Qe1 Na7 19. Rg1 Bb5 20. Bxb5 Nxb5 21. g4 Nh8 22. Be3 Kh7 23. Qg3 Rg8 24. gxf5 exf5 25. Qh3 Qf8 26. Ng3 g6 27. h5 Nc3 28. hxg6+ Nxg6 29. Nxf5 Ne4 30. Nxe7 Nxe7 31. Rxg8 Kxg8 32. Rg1+ Kh8 33. Nh4 Kh7 34. f5 Ng8 35. f6 1-0

[Event "CEDIS Festival saha 2026 - 3. turnir"]
[Site "Podgorica"]
[Date "2026.05.16"]
[Round "2.8"]
[White "Mitrovic, Danilo"]
[Black "Djukic, Katarina"]
[Result "0-1"]
[WhiteElo "1590"]
[BlackElo "1787"]
[WhiteFideId "-1"]
[BlackFideId "-1"]
[PlyCount "77"]
[GameId "2310538491495094"]
[EventDate "2026.05.15"]
[EventType "swiss"]
[EventRounds "5"]
[EventCountry "MNE"]
[SourceVersionDate "2026.05.16"]

1. e4 c5 2. c3 Nf6 3. e5 Nd5 4. d4 cxd4 5. cxd4 d6 6. exd6 Qxd6 7. Nf3 Nc6 8. Nc3 g6 9. Bb5 Bg7 10. O-O O-O 11. Ne4 Qc7 12. Re1 Bg4 13. Bxc6 Qxc6 14. Be3 Rfd8 15. h3 Nxe3 16. Rxe3 Bxf3 17. Qxf3 Rxd4 18. Qe2 Bh6 19. Ng3 Bxe3 20. Qxe3 Qd7 21. Qf3 Rd8 22. Kh2 Rd2 23. b3 Qd4 24. Rf1 Rxa2 25. Qxb7 Qd6 26. Kg1 Rb8 27. Qf3 Qe6 28. Rd1 Rb2 29. Ne4 R2xb3 30. Qf4 R3b4 31. Rd4 Rxd4 32. Qxb8+ Kg7 33. Ng3 Qe1+ 34. Kh2 Qxf2 35. Qxa7 Rd2 36. Qa1+ f6 37. Qh1 Rd3 38. Nh5+ gxh5 39. h4 0-1

[Event "CEDIS Festival saha 2026 - 3. turnir"]
[Site "Podgorica"]
[Date "2026.05.16"]
[Round "2.9"]
[White "Popovic, Nikola"]
[Black "Peric, Toman"]
[Result "0-1"]
[WhiteElo "1744"]
[BlackElo "1762"]
[WhiteFideId "-1"]
[BlackFideId "-1"]
[PlyCount "54"]
[GameId "2310539546407730"]
[EventDate "2026.05.15"]
[EventType "swiss"]
[EventRounds "5"]
[EventCountry "MNE"]
[SourceVersionDate "2026.05.16"]

1. e4 c6 2. d4 d5 3. e5 Bf5 4. h4 h5 5. Bd3 Bxd3 6. Qxd3 e6 7. Bg5 Be7 8. Nf3 Nh6 9. Bxh6 Rxh6 10. c4 dxc4 11. Qxc4 Qd5 12. Qd3 Na6 13. a3 Nc5 14. Qe2 Na4 15. Nc3 Nxc3 16. bxc3 Rg6 17. O-O b5 18. a4 Rg4 19. axb5 cxb5 20. Ra6 Rc8 21. Rb1 Rxc3 22. Kh2 b4 23. Rxa7 Kf8 24. Qa6 g5 25. Ra8+ Kg7 26. Qa4 Rxf3 27. Qe8 Rh3+ 0-1

[Event "CEDIS Festival saha 2026 - 3. turnir"]
[Site "Podgorica"]
[Date "2026.05.16"]
[Round "2.10"]
[White "Radonjic, Zoran"]
[Black "Lakusic, Zoran"]
[Result "1-0"]
[WhiteElo "1492"]
[BlackElo "1735"]
[WhiteFideId "-1"]
[BlackFideId "-1"]
[PlyCount "69"]
[GameId "2310542926628008"]
[EventDate "2026.05.15"]
[EventType "swiss"]
[EventRounds "5"]
[EventCountry "MNE"]
[SourceVersionDate "2026.05.16"]

1. e4 c5 2. d4 cxd4 3. c3 e6 4. cxd4 Bb4+ 5. Nc3 Nf6 6. Bd3 Nc6 7. Nge2 Qb6 8. Be3 d5 9. exd5 Nxd5 10. O-O Nxe3 11. fxe3 Bxc3 12. bxc3 g6 13. Rb1 Qa5 14. Qb3 Qg5 15. Rf3 O-O 16. Rbf1 Ne7 17. e4 b6 18. Rg3 Qh6 19. Qb4 Nc6 20. Qd6 Bb7 21. Nf4 Rad8 22. Qa3 e5 23. Rh3 Qg5 24. Nd5 h5 25. Nf6+ Kh8 26. Nxh5 gxh5 27. Rf5 Qxf5 28. exf5 exd4 29. Rxh5+ Kg7 30. Qc1 Kf6 31. Qg5+ Ke5 32. f6+ Kd6 33. Qg3+ Ke6 34. Bf5+ Kxf6 35. Qg5+ 1-0

[Event "CEDIS Festival saha 2026 - 3. turnir"]
[Site "Podgorica"]
[Date "2026.05.16"]
[Round "2.12"]
[White "Markovic, Janko"]
[Black "Cabrakapa, Jakov"]
[Result "1/2-1/2"]
[WhiteElo "1601"]
[BlackElo "1537"]
[WhiteFideId "-1"]
[BlackFideId "-1"]
[PlyCount "30"]
[GameId "2310545035363776"]
[EventDate "2026.05.15"]
[EventType "swiss"]
[EventRounds "5"]
[EventCountry "MNE"]
[SourceVersionDate "2026.05.16"]

1. e4 e6 2. d4 d5 3. e5 c5 4. c3 Qb6 5. Nf3 Nc6 6. Be2 Nge7 7. Na3 cxd4 8. cxd4 Nf5 9. Nc2 Bb4+ 10. Kf1 Be7 11. b3 a5 12. Be3 Nb4 13. Nxb4 Nxe3+ 14. fxe3 Bxb4 15. Rc1 O-O 1/2-1/2

[Event "CEDIS Festival saha 2026 - 3. turnir"]
[Site "Podgorica"]
[Date "2026.05.16"]
[Round "2.14"]
[White "Altinok, Mehmet Akif"]
[Black "Vukovic, Stefan"]
[Result "1-0"]
[WhiteElo "1550"]
[BlackElo "1488"]
[WhiteFideId "-1"]
[BlackFideId "-1"]
[PlyCount "29"]
[GameId "2310546109629973"]
[EventDate "2026.05.15"]
[EventType "swiss"]
[EventRounds "5"]
[EventCountry "MNE"]
[SourceVersionDate "2026.05.16"]

1. Nf3 g6 2. g3 Bg7 3. Bg2 d5 4. c4 dxc4 5. Na3 c3 6. bxc3 Nf6 7. O-O O-O 8. Rb1 b6 9. Ne5 Nd5 10. f4 Na6 11. c4 Bb7 12. cxd5 Bxd5 13. Nc6 Qd6 14. Bxd5 Qxd5 15. Nxe7+ 1-0